| 000 | 01316cam a22003731i 4500 | ||
|---|---|---|---|
| 999 |
_c200442334 _d60546 |
||
| 003 | TR-AnTOB | ||
| 005 | 20221214121737.0 | ||
| 007 | ta | ||
| 008 | 850618s1973 tu 000 0 tur | ||
| 010 | _a 74213710 | ||
| 040 |
_aDLC _btur _erda _cCarP _dTR-AnTOB |
||
| 041 | 0 | _atur | |
| 043 | _ae-gx--- | ||
| 050 | 0 | 0 |
_aKK2860 _b.R45 1973 |
| 090 |
_aKK2860 _b.R45 1973 |
||
| 100 | 1 |
_aReisoğlu, Seza _eauthor _957996 |
|
| 245 | 1 | 0 |
_aYabancı işçiler yönünden Alman iş ve sosyal güvenlik hukuku / _cProf. Dr. Seza Reisoğlu. |
| 246 | 1 | 2 | _aAlman iş ve sosyal güvenlik hukuku. |
| 264 | 1 |
_aAnkara : _bAnkara Üniversitesi Hukuk Fakültesi, _c1973. |
|
| 300 |
_a136 pages: _c24 cm |
||
| 336 |
_2rdacontent _atext _btxt |
||
| 337 |
_2rdamedia _aunmediated _bn |
||
| 338 |
_2rdacarrier _avolume _bnc |
||
| 490 | 0 |
_aAnkara Üniversitesi Hukuk Fakültesi Yayınları ; _vno 317 |
|
| 504 | _aBIB | ||
| 650 | 7 |
_aİş hukuku ve mevzuatı _zAlmanya (Batı) _2etuturkob _9126274 |
|
| 650 | 7 |
_aSosyal güvenlik _zAlmanya (Batı) _2etuturkob _927271 |
|
| 650 | 7 |
_aYabancı işçiler _zAlmanya (Batı) _2etuturkob _923021 |
|
| 710 | 2 |
_aAnkara Üniversitesi. _bHukuk Fakültesi _977155 |
|
| 740 | 0 | _aAlman iş ve sosyal güvenlik hukuku. | |
| 942 |
_2lcc _cBK |
||